Catalogue des livres de fonds (Record no. 157700)

MARC details
000 -LEADER
campo de control de longitud fija 00617nam a2200181 i 4500
001 - NÚMERO DE CONTROL
campo de control 157700
003 - IDENTIFICADOR DE NÚMERO DE CONTROL
campo de control ES-MaACL
005 - FECHA Y HORA DE LA ÚLTIMA TRANSACCIÓN
campo de control 20250903083732.0
008 - DATOS DE LONGITUD FIJA--INFORMACIÓN GENERAL
campo de control de longitud fija 051010s1881 fr | |||||||| ||fre d
040 ## - FUENTE DE CATALOGACIÓN
Centro catalogador/agencia de origen CAM
Lengua de catalogación spa
Centro/agencia transcriptor CAM
110 1# - ENTRADA PRINCIPAL--NOMBRE DE ENTIDAD CORPORATIVA
Nombre de entidad corporativa o nombre de jurisdicción como elemento de entrada Baillière, Germer.
9 (RLIN) 188173
245 10 - MENCIÓN DEL TÍTULO
Título Catalogue des livres de fonds
Resto del título : ouvrages historiques et philosophiques /
Mención de responsabilidad, etc. Librairie Germer Baillière et C.
260 ## - PUBLICACIÓN, DISTRIBUCIÓN, ETC.
Lugar de publicación, distribución, etc. Paris :
Nombre del editor, distribuidor, etc. Librairie Germer Baillière et C.,
Fecha de publicación, distribución, etc. 1881.
300 ## - DESCRIPCIÓN FÍSICA
Extensión 32 o, ;
Dimensiones 23 cm.
650 #7 - PUNTO DE ACCESO ADICIONAL DE MATERIA--TÉRMINO DE MATERIA
Término de materia o nombre geográfico como elemento de entrada Catálogos de libreros
Fuente del encabezamiento o término embne
9 (RLIN) 139327
852 ## - LOCALIZACIÓN
Ubicación ES-MaACL
Número de control de estantería G-7558(2)
Nota libre -- Rúst.
Holdings
Estatus retirado Estado de pérdida Estado de daño No para préstamo Colección Biblioteca de origen Biblioteca actual Ubicación en estantería Fecha de adquisición Fuente de adquisición Total de préstamos Signatura topográfica completa Código de barras Visto por última vez Precio de reemplazo Tipo de ítem Koha
        Libros del s. XIX Biblioteca del Ateneo de Madrid Biblioteca del Ateneo de Madrid Sala Pecera Planta 3 17/01/2008     G-7558(2) 1165030 23/02/2023 23/02/2023 Libro impreso antiguo